150 years of Kansas beef / (Record no. 15953)
[ view plain ]
| 000 -LEADER | |
|---|---|
| fixed length control field | 00522cam a2200193 a 4500 |
| 020 ## - INTERNATIONAL STANDARD BOOK NUMBER | |
| ISBN | 9781578646852 (hard cover) |
| 040 ## - CATALOGING SOURCE | |
| Transcribing agency | DLC |
| 082 00 - DEWEY DECIMAL CLASSIFICATION NUMBER | |
| Classification number | 338 DON 2011 A078 Or. |
| 245 00 - TITLE STATEMENT | |
| Title | 150 years of Kansas beef / |
| 246 30 - VARYING FORM OF TITLE | |
| Title proper/short title | Kansas beef |
| 260 ## - PUBLICATION, DISTRIBUTION, ETC. (IMPRINT) | |
| Place of publication | Virginia Beach, VA : |
| Name of publisher | Donning Co. Publishers, |
| Year of publication | c2011. |
| 300 ## - PHYSICAL DESCRIPTION | |
| Number of Pages | 208 p. : |
| Other physical details | ill. (some col.) ; |
| Dimensions | 29 cm. |
| 650 #0 - SUBJECT ADDED ENTRY--TOPICAL TERM | |
| Topical Term | Cattle trade |
| 650 #0 - SUBJECT ADDED ENTRY--TOPICAL TERM | |
| Topical Term | Beef industry |
| 650 #0 - SUBJECT ADDED ENTRY--TOPICAL TERM | |
| Topical Term | Beef cattle |
| 700 1# - ADDED ENTRY--PERSONAL NAME | |
| Personal name | Kastner, Justin. |
| 700 1# - ADDED ENTRY--PERSONAL NAME | |
| Personal name | Tenhouse, Blair. |
| 942 ## - ADDED ENTRY ELEMENTS (KOHA) | |
| Koha item type | សៀវភៅភាសាអង់គ្លេស |
| 952 ## - LOCATION AND ITEM INFORMATION (KOHA) | |
| Withdrawn status [LOCAL, KOHA] | 0 |
| Permanent Location | Date acquired | Koha item type | Lost status | Shelving location | Barcode | Current Location | Full call number |
|---|---|---|---|---|---|---|---|
| Library Block A | 2017-12-19 | សៀវភៅភាសាអង់គ្លេស | A078 | A10579 | Library Block A | 338 DON 2011 A078 Or. |